El hombre moderno: descripción fenomenológica
Guardat en:
| Autor principal: | |
|---|---|
| Format: | Llibre |
| Idioma: | espanyol |
| Publicat: |
Buenos Aires
Gladius
1998
|
| Matèries: | |
| Etiquetes: |
Afegir etiqueta
Sense etiquetes, Sigues el primer a etiquetar aquest registre!
|
MARC
| LEADER | 00000nam a2200000 a 4500 | ||
|---|---|---|---|
| 001 | UCM5028 | ||
| 003 | CL-VaPUC | ||
| 008 | 020927e19980000ag |||||||||||||||||spa|d | ||
| 082 | 0 | 4 | |a 128 |b SAE |2 21 |
| 100 | 0 | |a Sáenz, Alfredo |e author |9 471314 | |
| 245 | 1 | 3 | |a El hombre moderno: descripción fenomenológica |
| 300 | |a 218 p | ||
| 942 | |c BK | ||
| 945 | |d 20020927 00:00:00 |a cmena | ||
| 260 | |a Buenos Aires |b Gladius |c 1998 | ||
| 650 | 0 | |a Antropología filosófica |9 265842 | |
| 650 | 0 | |a Naturaleza humana |9 308593 | |
| 650 | 0 | |a Cambio social |9 256857 | |
| 583 | |a last modification |c 20171017 10:37:22 |k Rodrigo Vera | ||
| 999 | |c 301330 |d 301328 | ||
| 952 | |0 0 |1 0 |4 0 |6 128_000000000000000_SAE_1998 |7 0 |8 P |9 360179 |a BIBEDU |b BIBEDU |c BIBEDU_PB |d 2019-11-21 |i 3834964 |o 128 SAE 1998 |p 3834964 |r 2024-01-25 |w 2019-11-21 |y BK |k FIL | ||